000 00364nam a2200133Ia 4500
008 220204s9999 xx 000 0 und d
020 _a8188818127
082 _a31:63
_bPAT;1
100 _aPaterson, D D
245 0 _aStatistical technique in agricultural research
260 _aJodhpur
_bJ V Publishing House
_c2008
650 _aRegression analysis
942 _cBK
999 _c42930
_d42930